241229 - Quiz quotidien du 29 décembre 2024 - Statistiques

Statistiques générales
  • Ce quiz a été pris 26 fois
  • Le résultat moyen est 5 sur 10
Statistiques - réponses
Question Réponse % Correct
Lequel de ces pays a un drapeau rouge, blanc et vert ? Hongrie
100%
Qui est Premier ministre de la Hongrie depuis 2010 ? Viktor Orbán
100%
Quelle est la capitale de la Hongrie ? Budapest
60%
Quelle chaîne de montagnes forme un demi-cercle autour de la Grande Plaine hongroise ? Monts Carpates
60%
Quel sport la Hongrie a-t-elle dominé aux Jeux olympiques, remportant plus de médailles d'or que tout autre pays ? Water-polo
60%
Quel est le plus long fleuve qui traverse la Hongrie ? Danube
40%
Qu'a inventé le physicien d'origine hongroise Edward Teller ? La bombe à hydrogène
40%
Qui, en tant que premier roi de Hongrie, a converti les Hongrois au christianisme ? Étienne
20%
Qui a composé les "Rhapsodies hongroises" ? Franz Liszt
20%
Pour quelle épice la Hongrie est-elle connue ? Paprika
20%
Aucun quiz correspondant
Distribution des résultats
% des personnes avec chaque résultat
Percentile par nombre de réponses
Votre historique - résultats
Vous n’avez pas pris ce quiz